Mystery shopping a jeho využitie v cestovnej kancelárii diplomová práca

Na minha lista:
Detalhes bibliográficos
Autor principal: Šimonič, Matúš
Autor Corporativo: Obchodná fakulta EU. Katedra služieb a cestovného ruchu - zrušené
Outros Autores: Čukanová, Miroslava, 1984-
Formato: Livro
Idioma:eslovaco
Publicado em: Bratislava 2019
Tags: Adicionar Tag
Sem tags, seja o primeiro a adicionar uma tag!

MARC

LEADER 00000nbm a2200000 4500
001 0254100
005 20191029092730.9
041 0 |a slo 
044 |a SK 
245 1 0 |a Mystery shopping a jeho využitie v cestovnej kancelárii  |b diplomová práca  |c Matúš Šimonič ; školiteľ: Miroslava Čukanová 
264 1 |a Bratislava  |c 2019 
300 |a 74 s. 
100 1 |a Šimonič, Matúš 
700 1 |a Čukanová, Miroslava, 1984- 
710 2 |a Obchodná fakulta EU. Katedra služieb a cestovného ruchu - zrušené